LEADER 01046nam a2200265 i 4500 001 000000218782 003 CaOOAMICUS 005 20130219000000.0 008 130219s2012 it u000 u ita u 013 $a197679 020 $a978-88-343-2257-4 040 $aSeMil$bita 100 1 $aMatteo, Armando,$d<1970- >.$0(OLS)http://semarc/name/12971 245 10$aCome nessun altro :$binvidia infelice e vita benedetta /$cArmando Matteo. 260 $aMilano :$bV&P,$c2012. 300 $a85 p. ;$c19 cm. 490 0 $aGrani di senape 650 4$aInvidia.$0(OLS)http://semarc/subject/20406 830 0$aGrani di senape.$0(OLS)http://semarc/title/34472 850 $aSeMil 852 $aSeMil$W1$xVenegono$y1$m3F II 552$j169153$B169153$CSeMilBibl$Z2$F180808 $81 961 $aOmaggio: Bressan don Luca 996 $6020$a978-88-343-2257-4$9(OLS)http://semarc/number/216599 996 $6245$aCome nessun altro :$binvidia infelice e vita benedetta$9(OLS)http://semarc/title/314020 996 $6260$aMilano :$bV&P$9(OLS)http://semarc/publisher/32040 LEADER 01256nam a2200289 i 4500 001 000000054331 003 CaOOAMICUS 005 20260219161243.0 008 100618s1997 it u000 u ita u 013 $a25503 020 $a88-263-1163-3 040 $aSeMil$bita 245 10$aEscatologia /$cHanno collaborato Mario Cimosa ... [et al.]. 260 $aRoma :$bBorla,$ccopyr. 1997. 300 $a316 p. ;$c20 cm. 490 0 $aDizionario di spiritualitą biblico-patristica : i grandi temi della S. Scrittura per la "Lectio Divina" ;$v16 650 4$aBibbia - Tema [dell'] Escatologia.$0(OLS)http://semarc/subject/426 650 4$aEscatologia - Studi.$0(OLS)http://semarc/subject/5572 700 1 $aCimosa, Mario .$0(OLS)http://semarc/name/19601 830 0$aDizionario di spiritualitą biblico-patristica ;$v16.$0(OLS)http://semarc/title/1112 850 $aSeMil 852 $aSeMil$W1$xVenegono$y1$m2UA B 16$j228698$B20485$CSeMilBibl$Z2$F20487 $81 961 $aFondo card. C.M. Martini 996 $6020$a88-263-1163-3$9(OLS)http://semarc/number/29215 996 $6245$aEscatologia$9(OLS)http://semarc/title/30084 996 $6260$aRoma :$bBorla$9(OLS)http://semarc/publisher/29677